000 01337nam a2200337 a 4500
001 000112374
003 CHAP
005 20220329144301.0
008 160307s2016 mx a fsm |||||||spa d
010 _a108835
011 _a109807
040 _cCHAP
090 _aTesis
100 1 _aTovar Gómez, Martha Abigail
_9130633
245 1 0 _aEvaluación de un invernadero par la producción de fresa (Fragaria × ananassa), en el ejido la purificacion, Texcoco, Estado de México /
_h[En línea]
_cpor Martha Abigail Tovar Gómez y Micaela Vásquez García.
260 _aChapingo, Méx. :
_bEl autor,
_c2016.
500 _aPara ver el contenido del material haga clic en la liga
502 _aTesis (Lic. en Administración y Negocios) -- UACH. División de Ciencias Económico Administrativo
590 _aE5995AHE
_b05
_c20160307
_lUCH01
_h1150
590 _aE5995AHE
_b05
_c20160307
_lUCH01
_h1150
590 _aE5995AHE
_b05
_c20160307
_lUCH01
_h1152
650 1 4 _aCrédito agrícola
_xMéxico (Edo.)
_929067
650 1 4 _aCultivos en invernadero.
_930376
650 1 4 _aFresa
_xAspectos económicos.
_943189
650 1 4 _aFresa
_xRendimiento.
_943232
700 1 _aVásquez García, Micaela
_9130634
856 _aFinding aid
_uhttp://10.13.5.2/tesis/sist112374.pdf
_zTeclea aquí
901 _aBK
942 _cTESIS
942 _n0
999 _c108835
_d108835